000
00314nam a22001337a 4500
003
OSt
005
20160727222409.0
008
160624b xxu||||| |||| 00| 0 eng d
100
_9
925
_a
Lambest, J
245
_a
Five's A Crowd
260
_a
N.Y
_b
E.P Dutton & Com
_c
1963
300
_a
Five's A Crowd
942
_2
ddc
_c
BK
999
_c
738
_d
738